000
00326nam a2200145Ia 4500
100
_a
Marty/Hall/ Larry Brown
250
_a
2
942
_c
BK
654
_a
core serveles
245
_a
Core Servelets and Java server Pages
260
_b
Person Education
_c
2004
082
_a
5.74
_b
MAR
300
_a
691
546
_a
ENGLISH
999
_c
23661
_d
23661